000 02684nam a22003137a 4500
001 1689
003 FISKH
005 20230915125136.0
008 230915b cb ||||| |||| 00| 0 khr d
020 _a9789924340225
040 _aFISKH
_beng
_cFISKH
_dFISKH
082 _a973.7
100 _aChan
245 _aកុំបារម្ភអី /
_cនិពន្ធ និងគូររូបដោយ ច័ន - បកប្រែពីភាសាបារាំងដោយ បេ ពុច
250 _aបោះពុម្ពលើកទី ២ ខែមិនា ឆ្នាំ ២០២០
260 _aPhnom Penh :
_bSipar,
_c2021.
300 _a116 pages :
_bcolor illustrations ;
_c26 cm
490 _a ឆ្នាំថោះ
_v
505 _aZ'
520 _aប្រលោមលោកក្រាហ្វិកកើតឡើងនៅក្នុងភូមិរនាម ឆ្នាំ1975… នៅក្រោមរដ្ឋាភិបាលខ្មែរក្រហម គ្រួសាររបស់ Kim និង Vityea ត្រូវរៀនពីរបៀបរស់នៅជាប្រជាជនថ្មីដោយការដឹកនាំរបស់អង្គកា។ ការងារក្នុងស្រែ និងទំនប់ គឺជាការងារប្រចាំថ្ងៃសម្រាប់មនុស្សគ្រប់គ្នា។ មនុស្ស​ត្រូវ​ធ្វើ​ការ ប៉ុន្តែ​ពួក​គេ​អាច​មាន​តែ​ចានគោមដក់បបររាវសុទ្ធតែទឹក​ក្នុង​នោះ។ ការ​សង្ស័យ ការ​ចោទ​ប្រកាន់​ធ្វើ​ឲ្យ​មនុស្ស​មិន​ទុក​ចិត្ត​គ្នា។
520 _aA graphic novel taking place in Roneam in 1975. Under the government of the Khmer Rouge, Kim’s family and Vityea have to learn how to live as the new population by the guiding of Angkar. Working in the field and dam are daily jobs for everyone. People have to work but they can have only pudding with a lot of water in it. The suspicion, the accusation, makes people distrust each other.
521 8 _a920
_bLexile estimate
521 8 _aZ'
_bRaz-Plus
650 _aអង្គការ
_vធ្វើការធ្ងន់
_xបបរទឹករាវ
_yភ្នែកម្នាស់
650 _aAngkar
_vWork hard
_xPudding with a lot of water in it
_yPineapple eyes
700 _aPuch, Bae
_eTranslator
700 _aChan
_eillustrator
942 _2ddc
_cKHB
_n0
999 _c1689
_d1689